000 00401nam a22001697a 4500
003 MACL
005 20160114140237.0
008 160114b xxu||||| |||| 00| 0 eng d
040 _cMACL
041 _aEnglish
082 _a900/DUN
100 _aDunstan,David
_932243
245 _aAustralian Studies
260 _aDelhi
_bWorldview Publication
_c2010
650 _aHistory
_932244
942 _2ddc
_cBK
999 _c52226
_d52226